000 00301nam a2200121Ia 4500
008 191201s2002 xx 000 0 und d
100 _aCOVEY, Stephen R
245 0 _aFirst Things First
260 _aN.Delhi
_bPocket Books London,
_c2002
300 _a360
650 _aGeneral Books
942 _2ddc
_cBK
999 _c1740
_d1740